<?xml version="1.0" encoding="UTF-8"?>
<record
    xmlns:xsi="http://www.w3.org/2001/XMLSchema-instance"
    xsi:schemaLocation="http://www.loc.gov/MARC21/slim http://www.loc.gov/standards/marcxml/schema/MARC21slim.xsd"
    xmlns="http://www.loc.gov/MARC21/slim">

  <leader>00860nam a22002777i 4500</leader>
  <controlfield tag="001">B-11757</controlfield>
  <controlfield tag="003">CO-BoFNCP</controlfield>
  <controlfield tag="007">t|| </controlfield>
  <controlfield tag="008">090305s2008    ck     r           spa d </controlfield>
  <datafield tag="040" ind1=" " ind2=" ">
    <subfield code="a">CO-BoFNCP</subfield>
    <subfield code="b">spa</subfield>
    <subfield code="c">CO-BoFNCP</subfield>
    <subfield code="e">rda</subfield>
  </datafield>
  <datafield tag="041" ind1=" " ind2=" ">
    <subfield code="a">spa</subfield>
  </datafield>
  <datafield tag="043" ind1=" " ind2=" ">
    <subfield code="a">ck</subfield>
  </datafield>
  <datafield tag="084" ind1=" " ind2=" ">
    <subfield code="a">A-</subfield>
  </datafield>
  <datafield tag="110" ind1="1" ind2=" ">
    <subfield code="a">Federaci&#xF3;n Nacional de Cultivadores de Palma de Aceite, Fedepalma [Colombia]</subfield>
    <subfield code="9">36940.</subfield>
  </datafield>
  <datafield tag="245" ind1="1" ind2="0">
    <subfield code="a">Es urgente mejorar el desempe&#xF1;o productivo del sector.</subfield>
  </datafield>
  <datafield tag="246" ind1="2" ind2=" ">
    <subfield code="a">The oil palm sector urgently needs productivity improvements</subfield>
  </datafield>
  <datafield tag="264" ind1=" " ind2="4">
    <subfield code="c">&#xA9;2008</subfield>
  </datafield>
  <datafield tag="300" ind1=" " ind2=" ">
    <subfield code="a">p&#xE1;ginas 5-8.</subfield>
  </datafield>
  <datafield tag="336" ind1=" " ind2=" ">
    <subfield code="a">texto</subfield>
    <subfield code="b">txt</subfield>
    <subfield code="2">rdacontent</subfield>
  </datafield>
  <datafield tag="337" ind1=" " ind2=" ">
    <subfield code="a">sin mediaci&#xF3;n</subfield>
    <subfield code="b">n</subfield>
    <subfield code="2">rdamedia</subfield>
  </datafield>
  <datafield tag="338" ind1=" " ind2=" ">
    <subfield code="a">volumen</subfield>
    <subfield code="b">nc</subfield>
    <subfield code="2">rdacarrier</subfield>
  </datafield>
  <datafield tag="650" ind1=" " ind2="0">
    <subfield code="a">Editorial</subfield>
    <subfield code="9">31939.</subfield>
  </datafield>
  <datafield tag="773" ind1="0" ind2=" ">
    <subfield code="a">Palmas (Colombia)</subfield>
    <subfield code="g">v. 29, no. 4 (2008), p.5-8</subfield>
    <subfield code="w">A-</subfield>
    <subfield code="x">0121-2923</subfield>
  </datafield>
  <datafield tag="942" ind1=" " ind2=" ">
    <subfield code="2">z</subfield>
    <subfield code="c">1</subfield>
  </datafield>
  <datafield tag="952" ind1=" " ind2=" ">
    <subfield code="0">0</subfield>
    <subfield code="1">0</subfield>
    <subfield code="2">z</subfield>
    <subfield code="4">0</subfield>
    <subfield code="7">0</subfield>
    <subfield code="a">2</subfield>
    <subfield code="b">2</subfield>
    <subfield code="d">2013-10-21</subfield>
    <subfield code="l">0</subfield>
    <subfield code="o">A-</subfield>
    <subfield code="p">R-11757</subfield>
    <subfield code="r">2013-10-21 00:00:00</subfield>
    <subfield code="t">Ej. 1</subfield>
    <subfield code="w">2013-10-21</subfield>
    <subfield code="y">1</subfield>
  </datafield>
  <datafield tag="999" ind1=" " ind2=" ">
    <subfield code="c">26522</subfield>
    <subfield code="d">26522</subfield>
  </datafield>
</record>
